| 000 | 00642nam a2200193 i 4500 | ||
|---|---|---|---|
| 001 | 24763 | ||
| 003 | ES-MaACL | ||
| 005 | 20250829103228.0 | ||
| 007 | t| | ||
| 008 | 021218s1948 sp ||||1| spa d | ||
| 100 | 1 |
_aAntuña, José G. _922005 |
|
| 245 | 1 | 3 |
_aUn caudillo _b: el general Fructuoso Rivera, prócer del Uruguay / _cJosé G. Antuña. |
| 260 |
_aMadrid : _bInstituto de Cultura Hispánica, _c1948 ( _fTalleres Espasa Calpe) |
||
| 300 |
_a214 p. : _bretr. ; _c22 cm. |
||
| 600 | 1 | 4 |
_aRivera, Fructuoso. _9161904 |
| 710 | 2 |
_aInstituto de Cultura Hispánica (España) _94854 |
|
| 852 |
_aES-MaACL _jD-8232 |
||
| 999 |
_c24763 _d24763 |
||